000 00987nam a22002657a 4500
005 20240530110612.0
008 161112s2015 ua a g b 000 0 ara d
017 _a2014/35580
_bمصر. دار الكتب
040 _aEG-CaGPL
_cEG-CaGPL
082 0 4 _221
_a364.168\
_bح إ
100 0 _aحسنين شفيق .
245 1 2 _aالاعلام الجديد و الجرائم الالكترونية :
_bالتسريبات : التجسس : الارهاب الالكترونى /
_cحسنين شفيق .
250 _aط.1
260 _c2015 .
300 _a370 ص ؛
_c24 سم .
650 0 4 _aالارهاب الالكترونى .
_2qrmak
650 0 4 _aالتحرش الالكترونى .
_2qrmak
650 0 4 _aويكيليكس
_2qrmak
650 0 4 _aتسريبات سنودن
_2qrmak
650 0 4 _aالتجسس الالكترونى .
_2qrmak
650 0 4 _aجرائم الانترنت .
_2qrmak
651 _2qrmak
942 _2ddc
_cBK
999 _c62872
_d62872